The Beggar king`s daughter

Bibliographic Details
Main Author: Ong, Johnny
Format: Book
Published: Petaling Jaya : Didika , 1994
Series:More moral tales for children
Subjects:

MARC

LEADER 00000cam a2200000 7i4500
001 0000001835
002 000001993
005 20000330.0
020 |a 9839817175 
090 0 0 |a JF   |b ONG 
100 1 |a Ong, Johnny 
245 1 4 |a The Beggar king`s daughter   |c Johnny Ong 
260 |a Petaling Jaya :   |b Didika ,   |c 1994 
300 |a 24 p. :   |b ill. ;   |c 21 cm. 
490 0 |a More moral tales for children 
650 0 0 |a Children's stories 
999 |a 035132   |b BUKU   |c PINJAMAN   |e PERPUSTAKAAN KOMUNITI PETALING JAYA